000 00851nam a22001937a 4500
003 OSt
005 20260418104215.0
008 260418b |||||||| |||| 00| 0 eng d
040 _c0
082 _aDPer 796.07 St822 September-December 2015 v.28 n.5-6 January-October 2016 v.29 n.1-5
100 _aKolodziej, Andrea.
_eauthor.
_970646
245 _aConcussions and the student-athlete :
_bConsiderations for the Secondary School Setting /
_cAndrea Kolodiej and Adam Ploeg.
260 _aAnnapolis Junction, Maryland, U.S.A. :
_bSHAPE America (Society of Health and Physical Educators) ;
_cJuly/August 2016.
300 _avolume 29, pages 29-37 :
_billustration ;
_c27cm.
500 _aStrategy, vol. 29, no. 4, pages 29-37, May-June 2016.
700 _aKolodziej, Andrea.
_eauthor.
_970646
700 _aPloeg, Adam.
_eauthor.
_970647
942 _2ddc
_cPER
999 _c24636
_d24636